00938nam a22001457a 4500008004100000050001500041245009600056260004300152300002900195500002000224505049100244650001400735700002500749700001800774111116t xxu||||| |||| 00| 0 eng d aHB171.S564 aContemporary economics: selected readings /cedited by Reuben E. Slesinger and Mark Perlman aBoston:bAllyn and Bacon, Inc.cc1967. axi, 595 p.:bill.c22cm. aIncludes index. aContents: A View of the forest: The Substance of economics -- Microeconomics: The Market behaviour of households and firms, and the theory of distribution -- Microeconomics: Being a consideration of its concepts, of their measurement, and of related topics -- Macroeconomic policy: Being a consideration of goals and policies, growth and income, monetary policy, fiscal policy, stability and employment -- Big and little problems and decisions -- The United States in the world economy. aEconomics aSlesinger, Reuben E. aPerlman, Mark